Atum Midi - Statistiques

Statistiques générales
  • Ce quiz a été pris 9 fois
  • Le résultat moyen est 14 sur 19
Statistiques - réponses
Questions Réponses % Correct
Combien de personnes sur le discord d'Atum Mundi ? 37
100%
Le plus grand traitre d'Atum Mundi Aurelien Duchêne
100%
Qui a déjà été viré d'Atum Mundi Baptiste
100%
Qu'est ce qui rend cette personne fameuse Fromage
100%
Nombre de jours de fonctionnement des stickers Atum Mundi 1
75%
Nombre de vues du meilleur reel de Léane 19 200
75%
Parti politique d'Atum Mundi n°1 Horizons
75%
Parti politique d'Atum Mundi n°4 (ancien) Les Républicains
75%
Nommez 1 ennemi d'Atum Mundi Magna Carta
75%
Nous devons toujours manger dans la main de... Pierre Jean Gyre
75%
Parti politique d'Atum Mundi n°3 (ancien) Reconquête
75%
Parti politique d'Atum Mundi n°2 Renaissance
75%
Le vrai nom du village appelé Saint Molin Saint André la Côte
75%
Pays le plus suivi par Atum Mundi Ukraine
75%
Le nom de l'Ukrainienne NAFO qui déteste Clément Alla Poedie
50%
Le nom de la grand mère d'Atum Mundi Anne Marie Siramy
50%
Le nom de notre contact au quai d'Orsay Charles Thépault
50%
Qu'est ce que la règle n°4 Nos alliés se trouvent à Bakou et Jérusalem
25%
Le nom du chef du groupe secret dont fait partie Clément Olivier Kempf
25%
Aucun quiz correspondant
Distribution des résultats
% des personnes avec chaque résultat
Percentile par nombre de réponses
Votre historique - résultats
Vous n’avez pas pris ce quiz